005310000a220016900045000410008000000820017000081000041000252450096000662500006001622600040001683000012002085000048002200010005002683360027002733370033003003380028003330 aSPA04aG 270 B1629j1 aBainton, Roland H. (Herbert) (1894-)10aLa iglesia de nuestros padres / Roland H. Bainton; Laura Joquera, Adam F. Sosa, Traductores a3 aBuenos Aires, Argentina : La Aurora a249 Pag aTitulo original : The church of our fathers9089 atextobtxt2rdacontent 2rdamediaasin mediaciónbn 2rdacarrieravolumenbnc